| 000 | 00459nam a2200169Ia 4500 | ||
|---|---|---|---|
| 008 | 230524s9999 xx 000 0 und d | ||
| 020 | _a9780195695946 | ||
| 082 |
_a302.3522 _bBHA |
||
| 100 | _aDipak Kumar Bhattacharyya | ||
| 245 | 0 | _aOrganizational Behaviour Concepts and Applications | |
| 250 | _a1 | ||
| 260 |
_aNew Delhi _bOxford _c2009 |
||
| 300 | _a"XVI,623p;" | ||
| 500 | _aQuantity Number: 2 | ||
| 650 | _aOrganizational Behaviour | ||
| 942 | _cBK | ||
| 999 |
_c56423 _d56423 |
||